Gminy Powiatu Tureckiego - Statystyki

Ogólne statystyki
  • Ten quiz został rozwiązany 66 razy
  • Średni wynik to 7 z 9
Statystyki odpowiedzi
Hint Odpowiedź % Poprawnych
miejska Turek
96%
wiejska Turek
96%
miejsko-wiejska Dobra
81%
wiejska Brudzew
78%
wiejska Malanów
78%
miejsko-wiejska Tuliszków
74%
wiejska Władysławów
70%
wiejska Przykona
67%
wiejska Kawęczyn
59%
Nie znaleziono quizów pasujących do podanych kryteriów
Rozkład punktacji
Procent ludzi z każdym wynikiem
Percentyl według liczby udzielonych odpowiedzi
Twoja historia wyników
Nie rozwiązałeś tego quizu